Новая вакцинология: вакцины против ВИЧ/СПИДА (Запись № 345729)

Подробности
000 -МАРКЕР
контрольное поле 01836nam0a2200385 4500
001 - ИДЕНТИФИКАТОР ЗАПИСИ
контрольное поле RU\NLR\bibl\1269562
005 - ИДЕНТИФИКАТОР ВЕРСИИ
контрольное поле 20260406070450.0
010 ## - МЕЖДУНАРОДНЫЙ СТАНДАРТНЫЙ НОМЕР КНИГИ (ISBN)
Номер (ISBN) 5-89481-633-5
Тираж 2000
035 ## - ДРУГИЕ СИСТЕМНЫЕ НОМЕРА
Идентификатор записи (NLR Aleph) 001255450
100 ## - ДАННЫЕ ОБЩЕЙ ОБРАБОТКИ
Данные общей обработки 20080409d2008 |||y0rusy50 ca
101 0# - ЯЗЫК РЕСУРСА
Язык текста, звукозаписи и т.д. русский
-- английский
102 ## - СТРАНА ПУБЛИКАЦИИ ИЛИ ПРОИЗВОДСТВА
Страна публикации Российская Федерация
105 ## - ПОЛЕ КОДИРОВАННЫХ ДАННЫХ: ТЕКСТОВЫЕ МАТЕРИАЛЫ, МОНОГРАФИЧЕСКИЕ
Кодированные данные о монографическом текстовом документе a |||||||||
200 1# - ЗАГЛАВИЕ И СВЕДЕНИЯ ОБ ОТВЕТСТВЕННОСТИ
Основное заглавие Новая вакцинология: вакцины против ВИЧ/СПИДА
Параллельное заглавие Nev vaccinology: vaccines against HIV/Aids
Первые сведения об ответственности Э.В. Карамов, И.Г. Сидорович, Р.М. Хаитов
Язык параллельного заглавия английский
210 ## - ПУБЛИКАЦИЯ, РАСПРОСТРАНЕНИЕ И ДР.
Место издания, распространения и т.д. Москва
Имя издателя, распространителя и т. д. Медицинское информационное агентство
Дата издания, распространения и т.д. 2008 [т.е. 2007]
215 ## - ФИЗИЧЕСКАЯ ХАРАКТЕРИСТИКА
Специфическое обозначение материала и объем 366 с.
Другие сведения о физической характеристике ил., цв. ил.
Размеры 24
300 ## - ОБЩИЕ ПРИМЕЧАНИЯ
Текст примечания Авт. также на англ. яз.: E.V. Karamov, I.G. Sidorovich, R.M. Khaitov
300 ## - ОБЩИЕ ПРИМЕЧАНИЯ
Текст примечания Предисл. парал. на рус. и англ. яз.
300 ## - ОБЩИЕ ПРИМЕЧАНИЯ
Текст примечания Кн. фактически изд. в 2007 г.
320 ## - ПРИМЕЧАНИЯ О НАЛИЧИИ В ДОКУМЕНТЕ БИБЛИОГРАФИИ / УКАЗАТЕЛЯ
Текст примечания Библиогр.: с. 300-366 (1225 назв.)
510 1# - ПАРАЛЛЕЛЬНОЕ ЗАГЛАВИЕ
Связь между полями z22790
Параллельное заглавие Nev vaccinology: vaccines against HIV/Aids
Язык заглавия русский
606 1# - НАИМЕНОВАНИЕ ТЕМЫ КАК ПРЕДМЕТ
Наименование темы Вакцины против ВИЧ-инфекции/СПИДа
Системный номер авторитетной/нормативной записи 1212704
Идентификатор авторитетной/нормативной записи RU\NLR\auth\66174104
686 ## - ИНДЕКСЫ ДРУГИХ КЛАССИФИКАЦИЙ
Индекс Р266.91
700 #1 - ИМЯ ЛИЦА - ПЕРВИЧНАЯ ОТВЕТСТВЕННОСТЬ
Код отношения Автор
Материалы, к которым относится поле rus
Графика поля Кириллица
Начальный элемент ввода Карамов
Часть имени, кроме начального элемента ввода Э. В.
Расширение инициалов личного имени Эдуард Владимирович
Идентификатор авторитетной/нормативной записи RU\NLR\auth\7768518
Системный номер авторитетной/нормативной записи 51446
701 #1 - ИМЯ ЛИЦА - АЛЬТЕРНАТИВНАЯ ОТВЕТСТВЕННОСТЬ
Начальный элемент ввода Сидорович
Часть имени, кроме начального элемента ввода И. Г.
Расширение инициалов личного имени Игорь Георгиевич
Код отношения Автор
701 #1 - ИМЯ ЛИЦА - АЛЬТЕРНАТИВНАЯ ОТВЕТСТВЕННОСТЬ
Код отношения Автор
Графика поля Кириллица
Материалы, к которым относится поле rus
Начальный элемент ввода Хаитов
Часть имени, кроме начального элемента ввода Р.М.
Даты 1944-2022
Расширение инициалов личного имени Рахим Мусаевич
Идентификатор авторитетной/нормативной записи RU\NLR\AUTH\7726952
Системный номер авторитетной/нормативной записи 9989
790 #1 - ИМЯ ЛИЦА - АЛЬТЕРНАТИВНАЯ ФОРМА
Код отношения Автор
Материалы, к которым относится поле rus
Графика поля Латинская
Начальный элемент ввода Karamov
Часть имени, кроме начального элемента ввода É. V.
Расширение инициалов личного имени Éduard Vladimirovič
Идентификатор авторитетной/нормативной записи RU\NLR\auth\7768520
Системный номер авторитетной/нормативной записи 51448
801 #0 - ИСТОЧНИК ЗАПИСИ
Страна Российская Федерация
Организация NLR
Дата составления 20080409
Правила каталогизации RCR
801 #1 - ИСТОЧНИК ЗАПИСИ
Страна Российская Федерация
Организация NLR
Дата составления 20080409
830 ## - ОБЩЕЕ ПРИМЕЧАНИЕ, СОСТАВЛЕННОЕ КАТАЛОГИЗАТОРОМ
Текст примечания авт. по кн.
942 ## - ДОПОЛНИТЕЛЬНЫЕ ЭЛЕМЕНТЫ ЗАПИСИ (АБИС)
Тип экземпляра АБИС Книга
980 ## - КОЛЛЕКЦИЯ
Название коллекции Национальная библиография
Экземпляры
Тип экземпляра Дата поступления Источник поступления Стоимость Библиотека постоянного хранения Библиотека текущего хранения Место хранения Шифр хранения Штрих-код Статус экземпляра
Книга 04.09.2008 Покупка 650.00 РНБ (Московский) РНБ (Московский) Русский книжный фонд: издания с 1957 года 2008-7/5261 2747251  
Книга 22.04.2010 Покупка 585.00 РНБ (Московский) РНБ (Московский) Фонд общего зала литературы по биологии и медицине М1 Р266/К-210 1-249486  
Книга 18.10.2010 Покупка 649.00 РНБ (Московский) РНБ (Московский) Русский книжный фонд: издания с 1957 года 2008-7/5261 3271546